00454nmm a2200169Ia 4500008004100000020001800041041000800059100002300067245001300090264003900103300001800142490002600160650002300186856005100209942000700260999001700267251105s9999||||xx |||||||||||||||||und|| a9788446039914 aspa aAdorno, Theodor W. 0aSueños a[Madrid, España] :bAkal, c2014 a128 páginas aPensamiento crítico aPhilosophy, Ethics uhttps://public.digitaliapublishing.com/a/37675 cCF c82990d82990